书目信息 |
| 题名: |
全国小生分类写作大全扩写·缩写
|
|
| 作者: | 步林森 主编 | |
| 分册: | ||
| 出版信息: | 北京 知识出版社 1999 |
|
| 页数: | 379页 | |
| 开本: | 20cm | |
| 丛书名: | ||
| 单 册: | ||
| 中图分类: | H194.4 | |
| 科图分类: | ||
| 主题词: | 作文--小学--选集 | |
| 电子资源: | ||
| ISBN: | 7-5015-2184-0 | |
| 000 | 00597nam0 2200193 450 | |
| 001 | 0731242009 | |
| 005 | 20070721101121.45 | |
| 010 | @a7-5015-2184-0@dCNY12.00 | |
| 100 | @a20070711d1999 km y0chiy0120 ea | |
| 101 | 0 | @achi |
| 102 | @aCN@b110000 | |
| 200 | 1 | @a全国小生分类写作大全扩写·缩写@Aquan guo xiao sheng fen lei xie zuo da quan kuo xie·suo xie@f步林森主编@Fbu lin sen zhu bian |
| 210 | @a北京@c知识出版社@d1999 | |
| 215 | @a379页@d20cm | |
| 606 | 0 | @a作文@x小学@x选集 |
| 690 | @aH194.4@v3 | |
| 701 | 0 | @a步林森@Abu lin sen@4主编 |
| 801 | 0 | @aCN@bPFT@c20070721 |
| 905 | @a10447@dH194.4@e261 | |
| 全国小生分类写作大全扩写·缩写/步林森主编.-北京:知识出版社,1999 |
| 379页;20cm |
| ISBN 7-5015-2184-0:CNY12.00 |
| ● |
| 相关链接 |
|
|
|
|
正题名:全国小生分类写作大全扩写·缩写
索取号:H194.4/261
 
预约/预借
| 序号 | 登录号 | 条形码 | 馆藏地/架位号 | 状态 | 备注 |
| 1 | 0768249 | 207682499 | 第二样本阅览室/ [索取号:H194.4/261] | 在馆 |